| 000 | 00422nam a2200169Ia 4500 | ||
|---|---|---|---|
| 005 | 20240823042120.0 | ||
| 008 | 240823s9999||||xx |||||||||||||| ||und|| | ||
| 041 | _aENGLISH | ||
| 082 | _A621.3 P1 | ||
| 100 | _aJawahar N et al. | ||
| 245 | 0 | _aElectrical and Electronics Engineering | |
| 250 | _a1st | ||
| 260 |
_c2001 _b"J J Pub, Madurai" |
||
| 500 | _aTRANSFERED | ||
| 650 |
_aElectrical _bElectrical |
||
| 942 | _cBK | ||
| 999 |
_c207104 _d207104 |
||